Je těžké být bohem / Arkadij a Boris Strugačtí ; [z ruského originálu ... přeložil Jaroslav Piskáček]
Record details
- ISBN: 978-80-7387-651-7
- Physical Description: 235 s. ; 21 cm
- Edition: V Tritonu vyd. 2.
- Publisher: V Praze : Triton, 2013
Search for related items by subject
| Genre: | ruské romány vědecko-fantastické romány Russian fiction science fiction novels |
Search for related items by series
Available copies
- 1 of 1 copy available at Common Catalog SPOK.
Holds
- 0 current holds with 1 total copy.
Show Only Available Copies
| Location | Call Number / Copy Notes | Barcode | Shelving Location | Status | Due Date |
|---|---|---|---|---|---|
| KDS Library | 810 StA | 204576801289 | Library | Available | - |
| LDR | 01347nam a2200385 a 4500 | ||
|---|---|---|---|
| 001 | 20926 | ||
| 003 | CZ-PrJAB | ||
| 005 | 20150710121915.0 | ||
| 007 | ta | ||
| 008 | 130228s2013 xr g 000 f cze | ||
| 015 | . | ‡acnb002444394 | |
| 020 | . | ‡a978-80-7387-651-7 ‡q(váz.) | |
| 035 | . | ‡a(CZ PrNK)nkc20132444394 | |
| 035 | . | ‡a(OCoLC)837504566 | |
| 040 | . | ‡aOLA001 ‡bcze ‡dABA001 | |
| 041 | 1 | . | ‡acze ‡hrus |
| 072 | 7. | ‡a821.161.1 ‡xRuská literatura ‡2Konspekt ‡925 | |
| 080 | . | ‡a821.161.1-31 ‡2MRF | |
| 080 | . | ‡a(0:82-311.9) ‡2MRF | |
| 100 | 1 | . | ‡aStrugackij, Arkadij Natanovič, ‡d1925-1991 ‡7jn19990210589 ‡4aut |
| 240 | 1 | 0. | ‡aTrudno byt' bogom. ‡lČesky |
| 245 | 1 | 0. | ‡aJe těžké být bohem / ‡cArkadij a Boris Strugačtí ; [z ruského originálu ... přeložil Jaroslav Piskáček] |
| 250 | . | ‡aV Tritonu vyd. 2. | |
| 260 | . | ‡aV Praze : ‡bTriton, ‡c2013 | |
| 300 | . | ‡a235 s. ; ‡c21 cm | |
| 490 | 1 | . | ‡aTrifid ; ‡vsv. 478 |
| 655 | 7. | ‡aruské romány ‡7fd133320 ‡2czenas | |
| 655 | 7. | ‡avědecko-fantastické romány ‡7fd133847 ‡2czenas | |
| 655 | 9. | ‡aRussian fiction ‡2eczenas | |
| 655 | 9. | ‡ascience fiction novels ‡2eczenas | |
| 700 | 1 | . | ‡aStrugackij, Boris Natanovič, ‡d1933-2012 ‡7jn19990210590 ‡4aut |
| 700 | 1 | . | ‡aPiskáček, Jaroslav, ‡d1929-1991 ‡7jk01093190 ‡4trl |
| 830 | 0. | ‡aTrifid (Triton) | |
| 910 | . | ‡aABE463 | |
| 998 | . | ‡a002444394 | |
| 901 | . | ‡a20926 ‡b ‡c20926 ‡tbiblio | |